• 首页
  • 本馆介绍
  • 公告通知
  • 最新文献
  • 馆藏检索
  • 电子资源
  • 读者导购
  • 参考咨询
  • 我的图书馆
  • 登录
  • 详细信息显示
  • 放入我的书架
  • 预约/预借图书
  • 作者相关作品
  • 分类相关作品
  • 丛书相关作品
  • 出版社相关作品

书目信息

  • 表格格式
  • 工作单格式
  • 卡片格式
题名:
飞天梦
    
 
作者: 柴永忠 , 卜延军 主编 ;马爱民 编著
分册:  
出版信息: 北京   中国言实出版社  2003
页数: 326页
开本: 21cm
丛书名:
单 册:
中图分类: V4-49 , N49
科图分类:
主题词: 自然科学--普及读物--普及读物
电子资源:
ISBN: 7-80128-509-3
000 01016nam0 2200277 450
001 1538581738
005 20150123104332.62
010    @a7-80128-509-3@dCNY25.00
100    @a20040205d2003 em y0chiy50 ea
101 0  @achi
102    @aCN@b110000
105    @aa z 000yy
200 1  @a飞天梦@9fei tian meng@e人类踏访天宫的足音@f柴永忠,卜延军主编@g马爱民等编著
210    @a北京@c中国言实出版社@d2003
215    @a326页@c照片,插图@d21cm
300    @a最新航天科普读物
330    @a本书是一部人类认识天空、挑战天空、征服天空的纪实作品。本书记录了历史上对人类航空航天事业有重大影响的历史人物、事件、科学成就等,并配有270余幅珍贵的史料图片。
517 1  @a人类踏访天宫的足音@9ren lei ta fang tian gong de zu yin
606 0  @a自然科学@j普及读物@x普及读物
690    @aV4-49@v5
690    @aN49@v4
701  0 @a柴永忠@9chai yong zhong@c(科普)@4主编
701  0 @a卜延军@9bu yan jun@f(1957~)@4主编
702  0 @a马爱民@9ma ai min@c(科普)@4编著
801  0 @aCN@bTSSF@c20150123
905    @aZUCC@dN49@eJY158
    
    飞天梦:人类踏访天宫的足音/柴永忠,卜延军主编/马爱民等编著.-北京:中国言实出版社,2003
    326页:照片,插图;21cm
    最新航天科普读物
    
    ISBN 7-80128-509-3:CNY25.00
    本书是一部人类认识天空、挑战天空、征服天空的纪实作品。本书记录了历史上对人类航空航天事业有重大影响的历史人物、事件、科学成就等,并配有270余幅珍贵的史料图片。
●
相关链接 在E读中查询图书 在五车中查询图书 在当当中查询图书 在豆瓣中查询图书


正题名:飞天梦     索取号:N49/JY158         预约/预借

序号 登录号 条形码 馆藏地/架位号 状态 备注
1 7861344   278613449   学院路分馆/ [索取号:N49/JY158] 在馆    
2 7861345   278613458   学院路分馆/ [索取号:N49/JY158] 在馆    
3 7861346   278613467   学院路分馆/ [索取号:N49/JY158] 在馆    
4 7861347   278613476   学院路分馆/ [索取号:N49/JY158] 在馆    
唐山师范学院图书馆 欢迎您!
大连网信软件有限公司© 版权所有